| 000 | 00481cam a2200193ua 4500 | ||
|---|---|---|---|
| 001 | 7894 | ||
| 008 | 141230n ii |||gr||||Z||||||hin | ||
| 040 | _cMAIN | ||
| 041 | _ahin | ||
| 082 | _a891.451 | ||
| 100 |
_aMahanta, C., _eAuthor. |
||
| 245 | 1 |
_aAsomiya sahitya aur sahityakar _cBy Chitta Mahanta |
|
| 250 | _a1st. | ||
| 260 |
_aAgra: _bBinud, _c1980. |
||
| 300 | _a228p. | ||
| 653 | _aEast Indo-European & Celtic literatures | ||
| 653 | _aAssamese literature | ||
| 942 | _cBK | ||
| 999 |
_c7014 _d7014 |
||